| 000 | 006050000a22001810004500 | ||
|---|---|---|---|
| 003 | MACL | ||
| 005 | 20160206110905.0 | ||
| 008 | 160206b xxu||||| |||| 00| 0 eng d | ||
| 040 |
_aMACL _cMACL |
||
| 041 | _aSanskrit | ||
| 082 | _a100 | ||
| 100 |
_aगिरि गगन देव _937027 |
||
| 245 | _aश्रीमद़भगवद़गीता में ज्ञान, भक्ति एवं कर्म का समन्व | ||
| 260 |
_bज्योति प्रकाशक _c1979 _aपटना |
||
| 350 | _a80 | ||
| 650 |
_aPhilosophy _937029 |
||
| 942 |
_cSAN _k100 _2ddc |
||
| 999 |
_c28130 _d28130 |
||